01189nam a2200193Ia 4500001001100000003001000011008004100021040002500062041001300087100004400100245007100144250001100215260007500226300001200301500026600313501011400579520026600693650003600959L200-54048IT-CnALBA170116s9999||||xx |||||||||||||| ||und|| aIT-CnALBAcIT-CnALBA aITALIANO aCEI COMMISSIONE EPISCOPALE ITAL. - ROMA 0aCURARE I MALATI. LA PASTORALE DELLA SALUTE NELLA CHIESA ITALIANA.  a1a ed. aTORINObCAMILLIANE ED. c1990 [1° Ed.:1990 - Ed.Ling.Originale: 1990] a224 p.  aNOVITÀ E CONTINUITÀ PERSONA SALUTE MALATTIA. FONDAMENTI PASTORALE SANITÀ. AMBITI PASTORALE. EVANGELIZZAZIONE E CATECHESI. CELEBRAZIONE SACRAMENTI. UMANIZZAZIONE DEL MONDO DELLA SALUTE. RILEVANZA PROBLEMI MORALI. I COMITATI ETICI, STRUMENTO OPERATIVO. PAST aSocietà San Paolo EM - Piazza San Paolo, 14 - 12051 ALBA (CN) (non commercial uses only) ® Copyright 2017 aNOVITÀ E CONTINUITÀ PERSONA SALUTE MALATTIA. FONDAMENTI PASTORALE SANITÀ. AMBITI PASTORALE. EVANGELIZZAZIONE E CATECHESI. CELEBRAZIONE SACRAMENTI. UMANIZZAZIONE DEL MONDO DELLA SALUTE. RILEVANZA PROBLEMI MORALI. I COMITATI ETICI, STRUMENTO OPERATIVO. PAST aRELIGIONE - RELIGIONE CRISTIANA